| 000 | 01510nam a2200373 i 4500 | ||
|---|---|---|---|
| 001 | 000016084 | ||
| 003 | DO-SdBPM | ||
| 005 | 20260204085734.0 | ||
| 007 | ta | ||
| 008 | 100225s2002 dr ac r 001 0 spa d | ||
| 020 | _a9993462071 | ||
| 040 |
_aDO-SdBPM _bspa _cBPMSU _erda _d |
||
| 082 | 4 |
_a923.57293 _bF363c, 2002 _222 |
|
| 245 | 0 | 0 |
_aCoronel Fernández Domínguez : _bmodelo de soldado democrático / _cpresentación, Iván Grullón Fernández ; colaboradores, Arlette Fernández, Amadeo Julián y Ramón Colombo. |
| 250 | _asegunda edición | ||
| 264 |
_aSanto Domingo : _bUASD, _c2002. |
||
| 300 |
_a81 páginas : _bilustraciones, retratos ; _c21 cm. |
||
| 336 |
_atexto _btxt _2rdacontent |
||
| 337 |
_asin mediación _bn _2rdamedia |
||
| 338 |
_avolumen _bnc _2rdacarrier |
||
| 490 | 0 |
_aPublicaciones de la Universidad Autónoma de Santo Domingo; _aHistoria y Sociedad _v959/99 |
|
| 500 | _aEn la cubierta: 19 de mayo día del Soldado Democrático. | ||
| 590 | _aInventariado, 2026/VM | ||
| 600 | 1 | 7 |
_aFernández Domínguez, Rafael Tomás, _d1934-1965 |
| 650 | 7 | _aPensamiento político y social | |
| 651 | 7 |
_aRepública Dominicana _xHistoria _yRevolución, 1965 |
|
| 700 | 1 | _aGrullón Fernández, Iván | |
| 700 | 1 |
_aFernández, Arlette, _d1937-, _ecolaborador _4col. |
|
| 700 | 1 |
_aJulián, Amadeo, _ecolaborador _4col. |
|
| 700 | 1 |
_aColombo, Ramón, _ecolaborador _4col. |
|
| 710 | 2 | _aUniversidad Autónoma de Santo Domingo | |
| 910 | _aVMateo V. Control de calidad. BPMSU | ||
| 942 |
_2ddc _cBK |
||
| 999 |
_c15661 _d15661 |
||